Xã hội học gia đình

Giới thiệu những quan điểm xã hội học về gia đình, sự đa dạng của các hình thái gia đình, hôn nhân và gia đình theo quan điểm giới và sự phát triển, biến đổi của gia đình theo thời gian, đường đời. Trình bày một số cách tiếp cận lý thuyê...

Descripció completa

Guardat en:
Dades bibliogràfiques
Autor principal: Mai, Huy Bích
Format: Llibre
Idioma:Undetermined
Publicat: Hà Nội Khoa học - Xã hội 2011
Matèries:
Etiquetes: Afegir etiqueta
Sense etiquetes, Sigues el primer a etiquetar aquest registre!
Thư viện lưu trữ: Trung tâm Học liệu Trường Đại học Cần Thơ
LEADER 00987nam a2200217Ia 4500
001 CTU_157408
008 210402s9999 xx 000 0 und d
020 |c 36000 
082 |a 306.8509597 
082 |b B302 
100 |a Mai, Huy Bích 
245 0 |a Xã hội học gia đình 
245 0 |c Mai Huy Bích 
260 |a Hà Nội 
260 |b Khoa học - Xã hội 
260 |c 2011 
520 |a Giới thiệu những quan điểm xã hội học về gia đình, sự đa dạng của các hình thái gia đình, hôn nhân và gia đình theo quan điểm giới và sự phát triển, biến đổi của gia đình theo thời gian, đường đời. Trình bày một số cách tiếp cận lý thuyết về gia đình 
650 |a Vietnam,Việt Nam 
650 |x Social aspects,Khía cạnh xã hội 
904 |i Hải 
980 |a Trung tâm Học liệu Trường Đại học Cần Thơ